| 000 | 01645nam0a2200409 4500 | ||
|---|---|---|---|
| 001 | RU\NLR\BIBL_A\012454260 | ||
| 005 | 20210302141434.0 | ||
| 010 |
_a978-5-906578-66-2 _9600 |
||
| 021 |
_aRU _b2020-62998 _9КН-П-4730 |
||
| 035 | _a(NLR Aleph) 012454260 | ||
| 035 | _a(RuMoRGB)010447635 | ||
| 090 |
_a11990776 _c11990776 |
||
| 100 | _a20210216d2020 k y0rusy50 ca | ||
| 101 | 0 |
_arus _deng |
|
| 102 | _aRU | ||
| 105 | _aa|||z|||001zy | ||
| 181 | 0 |
_ai _baxxe |
|
| 182 | 0 | _an | |
| 200 | 1 |
_aХронотоп державы Рюриковичей (911-987 годы) _dChronotope of the Rurikid polity (911-987) _e[монография] _fА. С. Щавелев _gРоссийская академия наук, Институт всеобщей истории _zeng |
|
| 203 |
_aТекст _bвизуальный _cнепосредственный |
||
| 210 |
_aМосква _cАквилон _d2020 |
||
| 215 |
_a556, [1] с. _cил. _d22 |
||
| 300 | _aАвт. также на англ. яз.: Aleksei S. Shchavelev | ||
| 300 | _aРез. англ. | ||
| 320 | _aБиблиогр.: с. 422-505 | ||
| 320 | _aУказ. в конце кн. | ||
| 510 | 1 |
_6z11790 _aChronotope of the Rurikid polity (911-987) _zeng |
|
| 607 |
_aДревняя Русь _xИстория _xХронология _92371340 _3RU\NLR\AUTH\661415405 |
||
| 686 | 1 | _aТ3(2)414,02 | |
| 700 | 1 |
_aЩавелев _bА. С. _gАлексей Сергеевич |
|
| 790 | 1 |
_6z11510 _aŠčavelev _bA. S. _gAleksej Sergeevič |
|
| 942 | _cBOOK | ||
| 980 | _aSCAN_DONE | ||
| 980 | _aNBR | ||
| 980 | _aNB | ||